Energy strategies for rural businesses (Record no. 110076)

MARC details
000 -LEADER
fixed length control field 03214cad a22003495a 4500
001 - CONTROL NUMBER
control field L148508
008 - FIXED-LENGTH DATA ELEMENTS--GENERAL INFORMATION
fixed length control field 090928s2009 xxkdo f 000 0 eng d
020 ## - INTERNATIONAL STANDARD BOOK NUMBER
International Standard Book Number 9781842195482
035 ## - SYSTEM CONTROL NUMBER
System control number (Sirsi) u148508
041 0# - LANGUAGE CODE
Language code of text/sound track or separate title eng
050 04 - LIBRARY OF CONGRESS CALL NUMBER
Classification number 333.72 $2 18
110 2# - MAIN ENTRY--CORPORATE NAME
Corporate name or jurisdiction name as entry element Royal Institution of Chartered Surveyors
9 (RLIN) 4900
245 00 - TITLE STATEMENT
Title Energy strategies for rural businesses
Remainder of title RICS guidance note
Medium [electronic resource]
260 ## - PUBLICATION, DISTRIBUTION, ETC.
Place of publication, distribution, etc. Coventry
Name of publisher, distributor, etc. RICS
Date of publication, distribution, etc. 2009
300 ## - PHYSICAL DESCRIPTION
Extent vi, 40p.
Dimensions 30cm.
490 #0 - SERIES STATEMENT
Series statement RICS Practice Standards UK
490 #0 - SERIES STATEMENT
Series statement RICS Guidance Note
505 2# - FORMATTED CONTENTS NOTE
Formatted contents note Background -- The energy issue: climate change; energy security -- Government policy and legislation -- Sources of information relating to policy and legislation regarding energy
505 2# - FORMATTED CONTENTS NOTE
Formatted contents note The business opportunities for rural businesses -- Energy generation -- Income generation: sale of raw materials for energy generation -- Production of biofuels -- Provision of land or buildings for renewable energy technologies; electricity sales to the National Grid; green energy certificates; local and community generation; carbon off setting schemes; carbon sequestration -- Cost savings: improving energy efficiency; Lowering the cost of energy -- Carbon savings -- Developing an energy strategy for rural businesses : baseline assessment; forecasting the 'business as usual' scenario
505 2# - FORMATTED CONTENTS NOTE
Formatted contents note Developing an energy strategy for rural businesses -- Baseline assessment: defining the boundaries for the assessment; the baseline year; collecting the data; calculating the carbon balance for the baseline assessment; environmental ratings of buildings -- Forecasting the 'business as usual' scenario -- Establishing the vision -- Reviewing the options to achieve the vision -- Building partnerships -- Financial and carbon emission appraisal: financial appraisal; carbon emissions and appraisal; taxes, incentives and grants; building taxes, incentives and grants into the appraisal -- Setting objective and targets -- Risk assessment -- Setting the implementation plan -- Detailed financial appraisal of strategy and implementation plan -- Recording and communicating the strategy and implementation plan
505 2# - FORMATTED CONTENTS NOTE
Formatted contents note Implementation: gaining the necessary consents; agreeing partnership structures; managing the implementation process
505 2# - FORMATTED CONTENTS NOTE
Formatted contents note Monitoring performances -- Appendix: Useful contacts
520 ## - SUMMARY, ETC.
Summary, etc. Provides guidance on how to develop an energy strategy for a rural business. Helps identify sources of information. Assesses the current position regarding climate change and energy security in the UK. Aimed at members practising in the UK and advising clients or employers in the rural sector on the development of energy strategies for their estates, lands or buildings.
520 ## - SUMMARY, ETC.
Summary, etc. OUT OF PRINT ARCHIVED 23 DECEMBER 2016
521 ## - TARGET AUDIENCE NOTE
Target audience note Advanced
590 ## - LOCAL NOTE (RLIN)
Local note KA
651 #4 - SUBJECT ADDED ENTRY--GEOGRAPHIC NAME
Geographic name United Kingdom
690 ## - LOCAL SUBJECT ADDED ENTRY--TOPICAL TERM (OCLC, RLIN)
Topical term or geographic name as entry element ENVIRONMENTAL AND LAND CONSULTANCY-ENERGY
690 ## - LOCAL SUBJECT ADDED ENTRY--TOPICAL TERM (OCLC, RLIN)
Topical term or geographic name as entry element PROPERTY-RURAL AND NATURAL ASSETS
856 41 - ELECTRONIC LOCATION AND ACCESS
Uniform Resource Identifier <a href="https://www.isurv.com/download/downloads/id/1712/archive_energy_strategies_for_rural_businesses_1st_edition_september_2009.pdf">https://www.isurv.com/download/downloads/id/1712/archive_energy_strategies_for_rural_businesses_1st_edition_september_2009.pdf</a>
Public note archived on isurv (subscription required)
942 ## - ADDED ENTRY ELEMENTS (KOHA)
Suppress in OPAC 0
Source of classification or shelving scheme Dewey Decimal Classification
Holdings
Withdrawn status Lost status Source of classification or shelving scheme Damaged status Not for loan Home library Current library Shelving location Date acquired Total Checkouts Full call number Barcode Date last seen Copy number Price effective from Koha item type
    Dewey Decimal Classification     London London RICS Boxes 14/06/2011   RICS 2009/53 30076540 06/08/2019 1 06/08/2019 Archive
    Dewey Decimal Classification     London London RICS Boxes 04/04/2014   RICS 2009/53 30076542 06/08/2019 2 06/08/2019 Book
    Dewey Decimal Classification     London London RICS Boxes 04/04/2014   RICS 2009/53 30076541 06/08/2019 3 06/08/2019 Book
    Dewey Decimal Classification     Virtual Virtual Online 28/09/2009   isurv 148508-1001 07/11/2023 4 06/08/2019 Online material